000 00405nam a2200169Ia 4500
001 13939
003 IN-NITTTR
005 20251114233131.0
008 251113s9999||||xx |||||||||||||| ||eng||
040 _beng
040 _cIN-NITTTR
041 _aeng
082 _a370.11R244
245 0 _aRecurrent education and lifelong learning /
_cSchuller, Tom, ed.
700 _aSchuller, Tom
942 _2ddc
_cBK
999 _c16575
_d16575